Los transgénicos en América Latina y el caribe: un debate abierto

保存先:
書誌詳細
主要な著者: Bárcena Ibarra, Alicia (著者), Katz, Jorge M (著者), Schaper, Marianne (著者)
その他の著者: Morales, César E. (autor)
フォーマット: 図書
言語:スペイン語
出版事項: Santiago Naciones Unidas 2004
シリーズ:Libros de la CEPAL, 78
主題:
タグ: タグ追加
タグなし, このレコードへの初めてのタグを付けませんか!

MARC

LEADER 00000nam a2200000 a 4500
001 UCK4818
003 CL-VaPUC
008 050624e20040000CL |||||||||||||||||spa|d
020 |a 9213225369 
082 0 4 |a 660.6  |b BAR  |2 21 
100 |a Bárcena Ibarra, Alicia  |e author  |9 597767 
700 |a Katz, Jorge M  |e author  |9 467614 
700 |a Morales, César E.  |e autor  |9 493444 
700 0 |a Schaper, Marianne  |e author  |9 493445 
245 1 4 |a Los transgénicos en América Latina y el caribe: un debate abierto 
300 |a 396 p 
942 |c BK 
945 |d 20050624 00:00:00  |a cmena 
260 |a Santiago  |b Naciones Unidas  |c 2004 
650 0 |a Biotecnología   |9 259561 
650 7 |a PRODUCTOS AGRICOLAS  |2 CL-VaPUC  |9 338601 
650 7 |a PLANTAS TRANSGENICAS  |2 CL-VaPUC  |9 493446 
650 0 |a Propiedad intelectual  |9 256126 
650 0 |a Tratados internacionales   |9 256056 
583 |a last modification  |c 20050624 00:00:00  |k Rodrigo Vera 
490 0 |a Libros de la CEPAL, 78 
999 |c 313561  |d 313559 
952 |0 0  |1 0  |4 0  |6 660_600000000000000_BAR_2004  |7 0  |8 A  |9 384974  |a BIBAGR  |b BIBAGR  |d 2019-11-22  |i 4103564  |o 660.6 BAR 2004  |p 4103564  |r 2025-01-20  |w 2019-11-22  |y BK  |k AGR